000 00310nam a2200121 i 4500
001 bg
245 0 _aWerkzeugmaschine und Fertigungstechnik :
_bFestschrift Gewidmet... /
_cHerwart Opitz.
260 _aEssen,
_c1965.
040 _cBPK
041 _apol
942 _cKS
008 s pl f |000 0 pol
999 _c9347
_d9347
856 _uhttp://koha.tu.koszalin.pl/cgi-bin/koha/opac-detail.pl?biblionumber=9347
_yKatalog online BPK